Statistics for Canada, Its Provinces, And States - Flag Map Quiz

Click here to take the quiz!

General Stats

  • This quiz has been taken 71 times
  • The average score is 12 of 14

Answer Stats

Answer% Correct
British Columbia
95%
Canada
95%
Québec
93%
Manitoba
91%
{Newfoundland} And {Labrador}
91%
Nunavut
91%
Prince {Edward} Island
91%
Alberta
88%
Nova {Scotia}
88%
Ontario
88%
{Northwest} Territories
84%
Saskatchewan
84%
Yukon
80%
New {Brunswick}
79%

Score Distribution

Percentile by Number Answered

Percent of People with Each Score

Your Score History

You have not taken this quiz